| 000 | 01127nam a2200313Ia 4500 | ||
|---|---|---|---|
| 001 | H6360 | ||
| 003 | IT-RoPAU | ||
| 008 | 130308s9999 xx 000 0 und d | ||
| 040 | _aIT-RoPAU | ||
| 040 | _cIT-RoPAU | ||
| 041 | _aITALIANO | ||
| 100 | _aStefani Gino | ||
| 100 | _gCodice Aut. SPICS: 1035 | ||
| 245 | _aDal blues al liscio - Studi sull'esperienza musicale comune | ||
| 245 | _bDal Blues al Liscio - Studi sull'esperienza Musicale Comune | ||
| 250 | _a1a ed. | ||
| 260 | _a VERONA | ||
| 260 | _bIANUA | ||
| 260 | _c1992 [1° Ed.:1992 - Ed.Ling.Originale:1992] | ||
| 300 | _a"190 p. (prefazione: no ; testo: 190 [pagine: 0-0])" | ||
| 500 | _aPresentazione. Gesti Melodici del Blues di G. Miani. Riff: tattica e Modelli di G.A. Di Pisa. Swing: Senso, Tecnica, condotta di G. Corrado. Folk Appropriato di R. Bolelli. Il Liscio: Pratica Sociale e Genere Musicale di L. Marchi. studiare la popular Music di R. Agostini. | ||
| 650 | _aGENERI MUSICALI | ||
| 650 | _eCodice materia Spics: 7010 | ||
| 700 | _aAA.VV. | ||
| 700 | _gCodice Aut. SPICS: 12000 | ||
| 942 | _cBK | ||
| 957 | _71 | ||
| 999 |
_c94513 _d94513 |
||
| 999 | _g1 | ||